| 000 | 00759nam a2200181 a 4500 | ||
|---|---|---|---|
| 005 | 20260112063312.0 | ||
| 039 |
_a201211120335 _bstaff _y 201211080218 _z staff |
||
| 082 |
_a332.62 _bRAD |
||
| 100 |
_aRadhamohan _bDarshanya (2010PGP017) |
||
| 245 |
_aA Comparative Study of Client Service Features of Brokers / _cDarshanya Radhamohan |
||
| 260 |
_aShillong: _bRajiv Gandhi Indian Institute of Management _c2011 |
||
| 300 |
_a21p.: _bill. fig, table; _c29cm |
||
| 490 | _aSummer Internship Report submitted in partial fulfillment of the requirements for the award of the post Graduate Diploma in Management (2010-2012) | ||
| 650 |
_aInvestment _x Brokers |
||
| 991 | _aVIRTUA40 | ||
| 991 | _aVTLSSORT0080*0820*1000*2450*2600*3000*4900*6500*9992 | ||
| 909 | _a4492 | ||
| 999 |
_c3978 _d3978 |
||